000 005420000a22001930004500
001 001171
003 MACL
005 20150712151018.0
008 150712b xxu||||| |||| 00| 0 eng d
040 _aMACL
_cMACL
041 _aEnglish
082 _a320/MAS
100 _aMassey, James
_91933
245 _aINDIA 50 Years of Independence, 1947-97 Status, Growth & Development
_bDalits Issues and Concerns
_cJames Massey
260 _aDelhi
_c1998
_bBR Publications,
350 _a280
650 _aPolitical Science
_988
942 _k320
_cBK
_2ddc
999 _c1166
_d1166